Normal view MARC view

Entry Nombre personal

Number of records used in: 11

001 - NÚMERO DE CONTROL

  • campo de control: 205461

003 - IDENTIFICADOR DE NÚMERO DE CONTROL

  • campo de control: $$amxdfmo

005 - FECHA Y HORA DE LA ÚLTIMA TRANSACCIÓN

  • campo de control: 20250609153133.0

008 - ELEMENTOS DE DATO DE LONGITUD-FIJA

  • campo de control de longitud fija: 080704na|ac|||aab||||||||||||a||aa|||||d

040 ## - FUENTE DE CATALOGACIÓN

  • Centro catalogador/agencia de origen: mxdfmo
  • Lengua de catalogación: spa
  • Centro/agencia transcriptor: mxdfmo

100 1# - ENCABEZAMIENTO-NOMBRE DE PERSONA

  • Nombre de persona: Alarcón M., Laura
  • Forma completa/desarrollada del nombre: (Menchaca)

400 1# - TRAZADO DE VÉASE--NOMBRE DE PERSONA

  • Nombre de persona: Alarcón, Laura

400 1# - TRAZADO DE VÉASE--NOMBRE DE PERSONA

  • Nombre de persona: Alarcón Menchaca, Laura

670 ## - FUENTE DE DATOS ENCONTRADOS

  • Cita de la fuente: La compañía de comercio de Francisco Ignacio de Yraeta, 1767-1797: cinco ensayos, 1985:
  • Información encontrada: p. [7] (Laura Alarcón M.)

670 ## - FUENTE DE DATOS ENCONTRADOS

  • Cita de la fuente: Jalisco: construcción de un imaginario, 2006:
  • Información encontrada: t.p. (Laura Alarcón) p. [5] (Laura Alarcón Menchaca)